000 01845cam a22004574i 4500
003 PE-LiUPU
005 20250731173140.0
008 150623s r 000 0 d
020 _a0682403059
035 _a(Sirsi) i9780682403054
040 _aPE-LiUPU
_bspa
_cPE-LiUPU
_erda
049 _aPRUA
082 0 4 _a228.066
_bE61
_221
100 1 _aEngle, William B.,
_eautor.
245 1 4 _aThe last loud cry /
_cEngle, William B.
264 1 _aGrenloch New Jersey :
_bGrenloch Publishers,
_c1989.
300 _a449 páginas ;
_c21 centímetros
336 _atext
_2rdacontent
337 _aunmediated
_2rdamedia
338 _avolume
_2rdacarrier
504 _aIncluye bibliografía.
505 0 _aUnderstanding the cosmic conflict between good and evil, what went wrong?. Our ancient guidebook, the Bible, is it trustworthy?. The testimony of prophetic fulfillment. The great drama of the ages begins. Israel as God's chosen people. The plan of redemption consummated. The rise and fall of the church. Christ's return heralded. The controversy reaches its climax. The controversy ended.
526 _aSEG42
526 _aSEG41
526 _aSEG40
526 _aSEG39
526 _aP94
526 _aP87
526 _aP86
526 _aP85
526 _aP77
526 _aP76
526 _aP35
630 _aBiblia.
_pN.T.
_pApocalipsis
_xCrítica, interpretación, etc.
942 _2ddc
_cBOOK
949 _a228.066 E61
_wDEWEY
_c1
_i52600
_lCCODEBUL1
_mBUL
_p15.00
_r0
_sY
_tBOOK
_u2015-6-24
_xTEOLOGIA
_PP35
_0COMPRA
_o.STAFF. Colección General
994 _aC0
_bPEPRU
596 _a1
999 _a228.066 E61
_wDEWEY
_c34429
_i52600
_f2021-11-9
_g5
_lCCODEBUL1
_mBUL
_p15.00
_r0
_sY
_tBOOK
_u2015-6-24
_xTEOLOGIA
_PP35
_0COMPRA
_o.STAFF. Colección General
_d34429
980 _81
_gALBERTO SANCHEZ Responsable de Automatización